Estadísticas del sufragio 1998 /

Đã lưu trong:
Chi tiết về thư mục
Nhiều tác giả của công ty: Costa Rica. Tribunal Supremo de Elecciones, TSE
Định dạng: Texto
Ngôn ngữ:Spanish
Được phát hành: San José: Tribunal Supremo de Elecciones
Những chủ đề:
Các nhãn: Thêm thẻ
Không có thẻ, Là người đầu tiên thẻ bản ghi này!

MARC

LEADER 00000 a a2200000 04500
001 27149
003 cru CIDCACS/IIS
005 20231025140806.0
008 170406b xxu||||| |||| 00| 0 spa d
040 |c cru CIDCACS/IIS  |a cru CIDCACS/IIS 
090 |a 04.04.02 C837e 1998  
110 |a Costa Rica. Tribunal Supremo de Elecciones  
245 |a Estadísticas del sufragio 1998 /  |c Costa Rica. Tribunal Supremo de Elecciones  
260 |a San José:   |b Tribunal Supremo de Elecciones  
300 |a 414 p.   |b **no definido**   |b fonodiscos  
650 |a ELECCIONES  
650 |a DATOS ESTADISTICOS  
650 |a VOTACION  
650 |a DATOS ESTADISTICOS  
710 |a TSE  
942 |2 z  |c LI  |h 04.04.02 C837e 1998   |i 06278  |6 040402_C837E_1998_06278 
999 |c 13251  |d 13251